[Event "RUS-chT Blitz Men 2018"]
[Site "Sochi"]
[Date "2018.10.10"]
[Round "2"]
[White "Derjabin, Ilja"]
[Black "Gutenev, Alexander"]
[Result "0-1"]
[WhiteElo "2345"]
[BlackElo "2456"]
[Annotator "TA"]
[PlyCount "137"]
[EventDate "2018.10.10"]
[EventType "swiss"]
[EventCountry "RUS"]
[SourceTitle "playchess.com"]
[Source "ChessBase"]
[SourceQuality "1"]

{[%evp 22,137,10,26,29,24,22,-109,-121,-119,-116,-106,-117,-110,-102,-148,-106,-119,-125,-192,-151,-175,85,77,67,71,75,80,85,80,83,-21,90,0,0,0,72,0,129,122,130,130,286,300,436,409,485,260,333,146,162,166,163,0,252,256,239,237,314,250,394,176,436,172,146,0,0,0,366,336,1047,260,450,416,659,528,393,4,4,5,267,-93,193,166,245,0,343,0,576,-5,0,-62,-82,-100,-98,-339,-141,-953,-938,-858,-866,-856,-944,-889,-847,-721,-527,-1563,-1458,-1383,-873,-29970,-29968,-29972,-29973,-29974,-29975,-29969]} 1. d4 Nf6 2. c4 g6 3. Nc3 d5 4. Bg5 Ne4 5. Bh4 Nxc3 6. bxc3 dxc4 7. e3 Be6 8. Qb1 {D80: Grünfeld: Unusual White 4th moves and 4 Bg5} (8. Nf3 Bg7 9. Qb1 Qd5 10. Be2 Bf5 11. Qb4 c5 12. Qb5+ Bd7 13. Qxc4 Bc6 14. Qb3 e6 15. c4 Qd7 16. Ne5 Qc7 17. O-O {½-½ (124) Wei,Y (2743)-Svidler,P (2768) Wijk aan Zee 2018}) 8... b6 9. Nf3 Bg7 10. Be2 O-O 11. O-O c5 12. Rd1 {LiveBook: 3 Games} Qc7 13. Qe4 Nc6 $146 ({Predecessor:} 13... Nd7 14. Bxe7 Rfe8 15. Bg5 cxd4 16. Nxd4 Nc5 17. Qf3 {1-0 (54) Igambergenov,A (2328)-Grigorjev,I (2167) Samara 2014}) 14. d5 (14. Bg3 $11 Qb7 15. Rac1) 14... Bf5 $17 15. Qxc4 Na5 $1 {[%cal Ra5c4]} 16. Qa4 Bxc3 17. Rac1 Bb2 18. Bg3 Qd7 19. Bb5 Qc8 20. Qh4 (20. e4 $17 {might work better.} Bxc1 21. exf5) 20... f6 21. e4 {Hoping for Rc2.} Bg4 $2 (21... Bxc1 22. exf5 Bg5 23. Nxg5 $15) (21... g5 $1 $19 {[%cal Rg5h4]} 22. Nxg5 fxg5 23. Qxg5+ Bg6 24. Qxe7 Bxc1 25. Rxc1 Rf7) 22. Rc2 $16 Bxf3 23. gxf3 Be5 24. Bxe5 fxe5 25. Qxe7 Rxf3 26. Qe6+ ({White should play} 26. Bd7 $16 Qd8 27. d6) 26... Kg7 (26... Rf7 $1 $11 {remains equal.}) 27. Bd7 (27. Qxe5+ $16 Kh6 28. Qe6) 27... Qf8 $11 28. Qxe5+ Kh6 (28... Qf6 $11 29. Qa1 Qxa1 30. Rxa1 Kf6) 29. Bg4 ({Better is} 29. Rc3 $16) 29... Rf4 (29... Re8 $1 $11 {keeps the balance.} 30. Qxe8 Qxe8 31. Bxf3 Nb7) 30. f3 $1 $36 {[%mdl 2048] Black is under strong pressure.} Re8 31. Qc3 Nb7 $2 (31... Qf6 $16 32. Qxf6 Rxf6) 32. e5 $1 $18 g5 (32... Qe7 {keeps fighting.}) 33. Re2 Qg7 {Now ...Nd6 and Black clings on.} 34. Kg2 (34. d6 $142) 34... Nd6 35. Rde1 (35. Qe1 $1 $18 {and the rest is easy.} Nb5 36. Qg3) 35... Nb5 $16 36. Qe3 Nd4 37. Rd2 $2 (37. h4 $18) 37... Kg6 $2 {[%mdl 8192]} (37... Qb7 $11) 38. Qd3+ $1 $18 Kh6 39. e6 $1 Qf6 40. a4 ({Less strong is} 40. d6 Nxe6 41. d7 Rxg4+ 42. Kh1 (42. fxg4 $2 {too greedy.} Nf4+ 43. Kg3 Nxd3 $19) 42... Rd8 $14) 40... Kg7 (40... Rd8 $142 41. e7 Re8) 41. Re4 (41. d6 $142) 41... h6 $2 (41... Rd8) 42. Bh5 $2 (42. d6) 42... Re7 43. Qe3 (43. Kh1 $16) 43... Nf5 $1 $11 {[%cal Rf5e3]} 44. Qd3 {And now d6 would win.} Nh4+ $2 {[%mdl 8192]} (44... Nd4 $11) 45. Kh1 $18 Nxf3 $2 ({Not} 45... Qa1+ $2 46. Rd1 $16) (45... Nf5 46. Rxf4 gxf4) 46. Bxf3 $2 (46. Rxf4 Qxf4 47. Bxf3) 46... Rxf3 47. Qe2 $1 Rf1+ (47... Rf4 $142 48. Re5 Rf1+ 49. Kg2 Rf2+ 50. Qxf2 Qxe5) 48. Kg2 Rf4 49. Rxf4 $2 (49. Re5 $18 {Black must now prevent d6.} Re8 50. d6) 49... gxf4 {[%mdl 4096] Endgame KQR-KQR} 50. Kf3 Qf5 $2 {[%mdl 8192]} (50... Kh8 $1 $11) 51. Kg2 $2 (51. Qd3 $18 Qh5+ 52. Kxf4 Qh4+ 53. Kf3 Qh3+ 54. Ke2 Qxh2+ 55. Kd1) 51... Qg5+ $2 {[%mdl 8192]} (51... Kf6 $1 $17 {Threatens to win with ...Rg7+.} 52. Kh1 Rg7) 52. Kh1 $1 {[%mdl 1024] White has strong compensation.} Qf5 (52... f3 $142 53. Qf2 c4) 53. Qf3 $2 (53. Rd1 $18) 53... Qe5 $2 {[%mdl 8192] [#]} (53... Kf8 $11) 54. Rg2+ $2 (54. Rd1 $1 $18) 54... Kf6 $2 {[%mdl 8192] [#]} (54... Kf8 $1 $11 {and Black stays safe.}) 55. Rg4 $2 (55. Re2 $1 $18) 55... Qe1+ $11 56. Kg2 (56. Rg1 $11 Qe3 57. Qh5 Qe4+ 58. Rg2) 56... Qd2+ $15 57. Kh3 Ke5 {Strongly threatening ...Qe3.} 58. Rh4 $2 (58. Rg2 $17 Qd4 59. Re2+ Kd6 60. Re4 Qxd5 61. Qxf4+ Kc6 62. Re5) 58... Kd6 (58... Qe3 $19 {[%cal Re3f3] and Black stays clearly on top.} 59. Rh5+ Kd4 60. Qxe3+ fxe3) 59. Qxf4+ $2 {[%mdl 8192]} (59. Rxf4 $17 Qxd5 60. Re4) 59... Qxf4 $19 60. Rxf4 Kxd5 $17 {KR-KR} 61. Rf7 Kxe6 62. Rf1 Kd5 63. Kg4 Re5 64. h4 c4 {[%cal Bc5c4,Bc4c3,Bc3c2][%mdl 32]} 65. Rd1+ Kc6 66. h5 Rc5 {Black mates.} 67. Kf4 c3 68. Ke3 c2 69. Rc1 {Precision: White = 23%, Black = 31%.} 0-1

[Event "RUS-chT Blitz Men 2018"]
[Site "Sochi"]
[Date "2018.10.10"]
[Round "2"]
[White "Inozemtsev, Sergei"]
[Black "Usmanov, Vasily"]
[Result "0-1"]
[WhiteElo "2310"]
[BlackElo "2453"]
[Annotator "TA"]
[PlyCount "76"]
[EventDate "2018.10.10"]
[EventType "swiss"]
[EventCountry "RUS"]
[SourceTitle "playchess.com"]
[Source "ChessBase"]
[SourceQuality "1"]

{[%evp 14,76,48,33,36,8,39,47,54,56,96,103,100,32,32,9,65,65,95,72,66,54,72,18,72,-22,43,-10,-10,-23,-23,-63,-21,-36,-27,-175,-171,-174,-173,-190,-189,-175,-167,-196,-191,-193,-189,-191,-192,-192,-171,-215,-152,-361,-345,-401,-383,-697,-354,-335,-294,-1484,-1468,-1431,-1356]} 1. e4 Nc6 2. Nf3 d6 3. Bb5 Nf6 4. Qe2 Bg4 (4... e5 5. d4 exd4 6. Nxd4 Bd7 7. Bxc6 bxc6 8. O-O Be7 9. Re1 O-O 10. b3 Re8 11. Nd2 c5 12. N4f3 Bf8 13. Bb2 Bc6 {0-1 (66) Saric,A (2540)-Mohr,G (2473) Katowice 2017}) 5. h3 Bh5 $146 ({Predecessor:} 5... Bd7 6. c3 a6 7. Ba4 b5 8. Bc2 e5 9. O-O Rb8 10. d4 h6 11. d5 {0-1 (40) Foote,G-Choyke,J Lansing 1993}) 6. c3 {B00: Queen's Fianchetto Defence, Nimzowitsch Defence} a6 7. Ba4 e5 8. d3 {LiveBook: 5 Games. White is slightly better.} Be7 9. Nbd2 O-O 10. Nf1 Nd7 11. Bc2 Nc5 12. g4 Bg6 13. Ng3 ({White should try} 13. h4 $16) 13... d5 $14 14. Nf5 dxe4 (14... d4 $11) 15. dxe4 Ne6 16. Bd2 Nf4 17. Bxf4 exf4 18. O-O (18. e5 $16) 18... Bxf5 (18... Bd6 $11) 19. gxf5 (19. exf5 $16 Bd6 20. Rfe1) 19... Re8 ({Better is} 19... Bd6 $11) 20. Rad1 (20. Ba4 $14) 20... Bd6 $11 21. Kh1 Qf6 22. Rg1 Ne5 (22... Qxf5 $5 23. Ng5 Qf6 $15) 23. Rg2 Qh6 $36 {[%mdl 2048] Black has some pressure.} 24. Kh2 (24. Nxe5 $11 {and White has nothing to worry.} Bxe5 25. Qf3) 24... Qh5 $19 25. Rd3 Rad8 26. Bd1 Nxd3 27. Qxd3 Kh8 28. Qc2 Qh6 29. Rg4 Qf6 30. Kg1 g6 31. fxg6 hxg6 32. h4 Kg7 {Hoping for ...Qe6.} 33. Nd4 $2 {[#]} (33. h5 $17) 33... Bc5 34. Nf3 Qe6 35. Rxf4 $2 (35. Ng5 Qd7 36. Be2) 35... Re7 36. Be2 Qh3 {[#] And now ...Qg3+ would win.} ({Weaker is} 36... Qxa2 37. e5 $17) 37. Bf1 $2 (37. Ne1) 37... Qg3+ 38. Bg2 Qxf4 {Precision: White = 26%, Black = 44%.} 0-1

[Event "RUS-chT Blitz Men 2018"]
[Site "Sochi"]
[Date "2018.10.10"]
[Round "2"]
[White "Rozhko, Dmitry"]
[Black "Potapov, Pavel"]
[Result "0-1"]
[WhiteElo "2305"]
[BlackElo "2515"]
[Annotator "TA"]
[PlyCount "76"]
[EventDate "2018.10.10"]
[EventType "swiss"]
[EventCountry "RUS"]
[SourceTitle "playchess.com"]
[Source "ChessBase"]
[SourceQuality "1"]

{[%evp 23,76,-31,-22,-33,-25,-39,-40,-33,-31,-43,-48,-80,-63,-139,-71,-108,-50,-45,-45,-127,0,0,0,-12,-12,-20,-14,-117,-109,-153,-74,-125,-41,-60,-47,-156,-193,-193,-127,-672,-464,-593,-418,-398,-244,-328,-329,-600,-580,-29989,-29990,-29991,-29992,-29992,-29993]} 1. e4 c5 2. c3 Nf6 3. e5 Nd5 4. Nf3 Nc6 5. Bc4 Nb6 6. Bb3 d5 7. exd6 c4 8. Bc2 Qxd6 9. O-O e5 {B22: Sicilian: 2 c3} (9... g6 10. b3 Bg7 11. Na3 cxb3 12. axb3 O-O 13. Nc4 Nxc4 14. bxc4 Be6 15. Qe2 Qc5 16. Ra4 Na5 17. d4 Qc7 18. Bd3 Rac8 19. Bf4 Qxf4 20. Rxa5 {½-½ (31) Piorun,K (2633)-Wojtaszek,R (2750) Warsaw 2018}) 10. d3 cxd3 11. Qxd3 Qxd3 12. Bxd3 f6 {LiveBook: 3 Games} 13. Nbd2 Be6 14. Ne4 $146 ({Predecessor:} 14. Re1 Kf7 15. Nb3 Rd8 16. Bb5 {0-1 (58) Abe,M (2009)-Markoja,B (2167) Al Ain 2013}) 14... O-O-O 15. Bc2 Be7 16. Be3 Nc4 17. Bb3 Bd5 18. Ng3 (18. Bc1 $15) 18... g6 (18... Nxb2 $142 19. Nf5 Bf8) 19. Rfd1 {Threatens to win with Rxd5!} Nxe3 (19... N6a5 $17 20. Bxa7 Kc7) 20. fxe3 $15 Bxb3 21. axb3 {[#]} (21. Rxd8+ $1 $15 Rxd8 22. axb3) 21... f5 ({Black should try} 21... Rxd1+ $1 $17 22. Rxd1 Na5) 22. e4 $11 f4 23. Ne2 g5 {[%cal Bg6g5,Bg5g4][%mdl 32]} 24. h3 h5 25. b4 (25. g4 $1 $11 {remains equal.}) 25... g4 $36 {[%mdl 2048] Black is on the roll.} 26. Nd2 b5 ({Better is} 26... gxh3 {White must now prevent ...Rhg8.} 27. gxh3 Rd3) 27. Nb3 (27. Nf1 $142) 27... Kc7 (27... gxh3 $17 {And now ...Rdg8 would win.} 28. gxh3 Bh4) 28. Kf1 Rhg8 29. Nc5 (29. Rxd8 $15 Rxd8 30. hxg4 hxg4 31. Nec1) 29... Bxc5 30. bxc5 a5 (30... gxh3 $19 31. gxh3 a5) 31. Ke1 $2 {[%mdl 8192]} (31. Rd5 $17) 31... gxh3 32. gxh3 f3 33. Rxd8 Nxd8 ({Not} 33... Rxd8 34. Ng3 $17) 34. Rxa5 fxe2 35. Rxb5 $2 $19 {KRN-KR} (35. b4) 35... Rg2 {...Ne6 is the strong threat.} 36. b4 {[#]} Ne6 $1 {Black mates.} 37. c6 Ng5 {[%cal Rg5f3]} 38. Rb7+ Kxc6 {Precision: White = 17%, Black = 55%.} 0-1

[Event "RUS-chT Blitz Men 2018"]
[Site "Sochi"]
[Date "2018.10.10"]
[Round "2"]
[White "Chos, Alexey"]
[Black "Girshgorn, Leonid"]
[Result "1/2-1/2"]
[WhiteElo "2296"]
[BlackElo "1925"]
[Annotator "TA"]
[PlyCount "127"]
[EventDate "2018.10.10"]
[EventType "swiss"]
[EventCountry "RUS"]
[SourceTitle "playchess.com"]
[Source "ChessBase"]
[SourceQuality "1"]

{[%evp 12,127,27,23,30,17,20,4,13,0,49,30,84,20,24,27,41,41,95,83,116,65,86,101,100,107,114,54,83,95,139,133,147,73,75,0,58,-15,-16,-238,-219,-198,-199,-258,-227,-360,-352,-347,-102,-104,-59,-102,-59,-176,-172,-170,-175,-172,-141,-178,-167,-157,-113,-183,-66,-59,-56,-60,-54,-64,-65,-88,-87,-88,-77,-77,-80,-80,-80,-80,-83,-83,-82,-90,-84,-82,-67,-71,-50,-83,-17,-20,-14,-14,-14,-15,-16,-23,-24,-27,-16,-20,0,-64,-27,-60,0,0,0,0,0,0,0,0,0,0,0,0]} 1. Nf3 d5 2. g3 c6 3. Bg2 Bg4 4. O-O Nd7 5. d3 e6 6. Nbd2 Ngf6 7. h3 Bxf3 {A07: Réti Opening: New York and Capablanca Systems} 8. Nxf3 Be7 (8... Bc5 9. Qe1 O-O 10. e4 dxe4 11. dxe4 e5 12. a4 a5 13. Qe2 Qc7 14. Bd2 Rfe8 15. Rad1 {½-½ (63) Svidler,P (2727)-Malakhov,V (2694) Berlin 2015}) 9. c3 O-O 10. Qc2 b5 $146 ({Predecessor:} 10... a5 11. e4 dxe4 12. dxe4 a4 13. e5 Nd5 14. Re1 Qc7 15. h4 {1-0 (38) Ubilava,E (2535)-Castellano Ojeda,J (2215) Las Palmas 1994}) 11. e4 Qb6 (11... Qc7 $11 {keeps the balance.}) 12. g4 (12. e5 $16 Ne8 13. a4) 12... dxe4 $11 13. dxe4 Nc5 14. Nd4 Rad8 ({Better is} 14... Qc7 $14) 15. Be3 $16 {Strongly threatening b4.} Qc7 16. f4 (16. g5 $16 Nfd7 17. b4) 16... e5 17. Nf5 exf4 18. Bxf4 Qb7 19. Qe2 (19. Be5 $16) 19... Ne6 20. Bg3 Bc5+ 21. Kh1 Rfe8 {[#]} 22. Be5 (22. Nxg7 $142 $1 {[%mdl 512]} Kxg7 (22... Nxg7 23. Rxf6) 23. Be5) 22... Nd7 23. Bg3 (23. Bd6 $16) 23... Nb6 ({Black should try} 23... Nf6 $1 $11) 24. Qf3 (24. e5 $14) 24... Nc4 $11 25. Qe2 $2 (25. e5 $11 {and White stays safe.}) 25... Rd2 $19 26. Qf3 Rxb2 27. e5 (27. Rfd1 {keeps fighting.}) 27... Nd2 $1 {[%csl LRf1,LRf3]} 28. Qxc6 (28. Qe2 $142) 28... Qxc6 29. Bxc6 Nxf1 $2 (29... Rc8 $19 30. Bd5 Nxf1 31. Rxf1 Rc2) 30. Bxe8 $17 Nxg3+ 31. Nxg3 Ng5 32. a4 (32. Rf1 $15) 32... Nf3 $19 {[%csl Gf3][%cal Rb2h2]} 33. Nf1 bxa4 34. Bxa4 Nxe5 35. Re1 f6 36. Rd1 a5 37. Nd2 (37. Rd2 $17 {was worth a try.} Rb1 38. Rd1 Rxd1 39. Bxd1) 37... Nd3 (37... Kf8 $19 {White must now prevent ...h6.} 38. Nf1 Ra2) 38. Ne4 $15 Nf2+ 39. Nxf2 Rxf2 {[%mdl 4096] Endgame KRB-KRB} 40. Rd5 Bb6 41. Rb5 Bc7 42. Rb7 Be5 43. Bb3+ Kf8 44. Rf7+ Ke8 45. Rxg7 Rh2+ 46. Kg1 Rxh3 47. Ba4+ Kf8 48. Ra7 Bxc3 49. Kg2 Rh4 50. Bd7 Bb4 (50... Ke7 $17 51. Bf5+ Kd6 52. Rxh7 Rxh7 53. Bxh7 Bd2) 51. Bf5 $11 h5 52. Rh7 a4 {[%cal Ba5a4,Ba4a3,Ba3a2][%mdl 32]} 53. gxh5 a3 54. Be6 Re4 55. Bd5 Rd4 56. Be6 $1 a2 57. Ra7 (57. Rf7+ $11 Ke8 58. Ra7) 57... Rd2+ (57... Ba3 $5 58. Rf7+ (58. Rxa3 Rd2+ 59. Kh3 Rd3+ 60. Rxd3 a1=Q $17) 58... Ke8 59. Bxa2 Rd2+ 60. Kf3 Rxa2 61. Rxf6 Rh2 $11) 58. Kf3 {[#]} Rd3+ ({Black should play} 58... Ba3 $1 $15 {[%mdl 512]} 59. Rf7+ (59. Rxa3 $2 Rd3+ 60. Rxd3 a1=Q $17) 59... Ke8 60. Bxa2 Rxa2 61. Rxf6 Be7) 59. Ke4 {The position is equal.} Ra3 60. Rxa3 Bxa3 61. Bxa2 Kg7 62. Kf5 Kh6 63. Kxf6 Kxh5 64. Kf5 {Precision: White = 42%, Black = 38%.} 1/2-1/2

[Event "RUS-chT Blitz Men 2018"]
[Site "Sochi"]
[Date "2018.10.10"]
[Round "2"]
[White "Alexeev, Alexey"]
[Black "Mochalin, Faddey"]
[Result "1/2-1/2"]
[WhiteElo "2287"]
[BlackElo "2032"]
[Annotator "TA"]
[PlyCount "94"]
[EventDate "2018.10.10"]
[EventType "swiss"]
[EventCountry "RUS"]
[SourceTitle "playchess.com"]
[Source "ChessBase"]
[SourceQuality "1"]

{[%evp 24,93,-9,-25,-18,-16,-3,-35,-47,-59,35,0,92,63,59,23,458,481,506,-785,-755,-1106,-1004,-1077,-1063,-979,-663,-1453,-995,-1393,-836,-832,-832,-897,-901,-984,-969,-945,-902,-1058,-1043,-1225,-1022,-1207,-1187,-1247,-1232,-1344,-989,-1008,-1008,-985,-976,-964,-953,-873,-695,-609,0,-804,-656,-1972,-2007,-29980,-29981,-29991,-29992,-29997,-29998,-29998,-29999,-29999]} 1. e4 e6 2. d4 d5 3. Nd2 Be7 4. Ngf3 Nf6 5. Bd3 c5 6. c3 cxd4 7. cxd4 dxe4 8. Nxe4 Nc6 9. O-O O-O 10. Nc3 b6 11. Re1 Bb7 12. a3 Rc8 {D40: Queen's Gambit Declined: Semi-Tarrasch with 5 e3} 13. Bc2 {LiveBook: 9 Games} (13. Be3 Qc7 14. Qe2 Rfd8 15. Rad1 g6 16. h3 Qb8 17. Bb1 Rd7 18. Ba2 Rcd8 19. Bg5 Nxd4 20. Nxd4 Rxd4 21. Bxe6 {½-½ (37) Yeoh,L (2471)-Bortnyk,O (2580) Yerevan 2017}) 13... Qd6 14. Qd3 g6 {The position is equal.} 15. Bh6 $146 ({Predecessor:} 15. Bg5 Nd5 16. Ne4 Qc7 17. Rac1 Rfd8 18. Bb3 Bxg5 19. Nfxg5 Kg7 20. Ng3 {1-0 (50) Kramer,J (2312)-Lagunow,A (2423) Germany 2017}) 15... Rfd8 {[%cal Rc6d4]} 16. Rad1 Na5 (16... Ng4 $15 17. Bc1 Qb8) 17. Ne5 $14 {Hoping for Bf4.} Nd5 (17... Nd7 $1 $11 {keeps the balance.}) 18. Ne4 Qc7 19. Bb1 f6 $2 {[%mdl 8192] [#]} (19... Nc4 $11 {and Black stays safe.}) 20. Nxg6 $1 $18 hxg6 {[#]} 21. Ng5 $4 {[%mdl 8192]} (21. Nxf6+ $1 $18 {[%mdl 512]} Bxf6 (21... Nxf6 22. Qxg6+) 22. Qxg6+ Kh8 23. Rc1) 21... Nf4 $19 22. Qg3 fxg5 23. Bxg5 Bxg5 24. Qxg5 Rd5 25. Re5 Rxe5 26. dxe5 Qf7 27. h4 Bxg2 28. Kh2 Bf3 29. Rg1 Kg7 30. Rg3 Be2 31. b4 Nc4 32. Rc3 b5 33. a4 a6 {[%cal Ba7a6,Ba6b5][%mdl 32]} 34. axb5 axb5 35. Kg3 Rh8 36. Qxf4 Qxf4+ 37. Kxf4 Rxh4+ 38. Kg3 Rg4+ 39. Kh3 Rf4 40. Kg3 Rg4+ 41. Kh3 Rg1 42. Kh2 Rxb1 43. Rg3 Nxe5 {Black mates.} 44. Re3 Nf3+ 45. Kg3 Rg1+ 46. Kf4 g5+ 47. Ke4 Rg4# {[%mdl 32768] Precision: White = 37%, Black = 24%. . An unexpected result.} 1/2-1/2

[Event "RUS-chT Blitz Men 2018"]
[Site "Sochi"]
[Date "2018.10.10"]
[Round "2"]
[White "Jary, Sergey"]
[Black "Lysyj, Igor"]
[Result "0-1"]
[WhiteElo "2286"]
[BlackElo "2631"]
[Annotator "TA"]
[PlyCount "98"]
[EventDate "2018.10.10"]
[EventType "swiss"]
[EventCountry "RUS"]
[SourceTitle "playchess.com"]
[Source "ChessBase"]
[SourceQuality "1"]

{[%evp 16,98,23,1,14,-12,-17,-20,-9,-31,-29,-43,-28,-30,-24,-30,-4,-12,293,-32,-32,-28,-7,-20,2,-24,8,-23,32,-2,8,0,6,0,-13,-243,-274,-237,-238,-383,-375,-391,-439,-428,-409,-412,-292,-684,-677,-769,-768,-797,-800,-796,-786,-777,-765,-994,-930,-964,-907,-898,-887,-1002,-968,-934,-943,-1056,-889,-1165,-943,-1194,-1139,-1293,-1225,-29973,-29975,-29983,-29984,-29989,-29984,-29991,-29992,-29994,-29991]} 1. Nf3 Nf6 2. g3 b6 3. Bg2 Bb7 4. O-O c5 5. c4 e6 6. d3 Be7 7. e4 O-O 8. Nc3 d6 9. h3 a6 {A17: English Opening: 1...Nf6 with ...Bb4} 10. Nh2 (10. a4 Qc7 11. Qe2 Nc6 12. Be3 Nd7 13. d4 cxd4 14. Nxd4 Rfe8 15. Rac1 Bf8 16. Rfd1 Rac8 17. b3 {½-½ (77) Beliavsky,A (2660)-Hansen,S (2551) Germany 2004}) 10... Nc6 {[%cal Bb8c6,Bc6d4,Bd4e2][%mdl 32]} 11. f4 {[#]} b5 $146 {[%mdl 512] The position is equal.} ({Predecessor:} 11... Qc7 12. g4 Nd4 13. Ne2 Nxe2+ 14. Qxe2 Nd7 15. g5 f6 16. h4 Rae8 17. Bd2 {½-½ (58) Kozlovskaya,V (2271)-Saunina,L (2258) Kislovodsk 2010}) 12. b3 (12. cxb5 axb5) 12... Nd7 13. Bd2 Nd4 14. Ne2 Bf6 {Threatening ...Nxe2+.} 15. Rb1 Nxe2+ 16. Qxe2 Nb8 $2 {[%mdl 8192] [#]} (16... Bd4+ $11 17. Kh1 h6) 17. Ng4 $2 (17. e5 $18 Bxg2 18. Qxg2) 17... Bd4+ $15 18. Kh2 Nc6 19. Ne3 Qd7 20. Nc2 Rae8 21. g4 f5 ({Better is} 21... b4 $11) 22. g5 e5 23. exf5 exf4 24. Bd5+ $1 Kh8 25. Be6 $2 (25. Qg2 $11 {and White has nothing to worry.}) 25... Rxf5 $19 26. Rbe1 Qe7 27. Qg4 (27. Qd1 {only move.} Qxg5 28. Qg4) 27... Rxg5 28. Qxf4 Be5 29. Rxe5 Rxe5 30. Bg4 Nd4 31. Ne3 $2 (31. Nxd4 cxd4 32. Qxd4) 31... h6 ({Less strong is} 31... Rxe3 32. Bxe3 Nc2 33. Bd2 $17) 32. Rf2 Rxe3 33. Bxe3 Qxe3 34. Qxe3 Rxe3 35. Rf7 Bf3 36. Bd7 Rxd3 37. h4 Bh5 38. Rf8+ Kh7 39. cxb5 axb5 40. a4 bxa4 41. bxa4 Ra3 42. Ra8 g5 43. hxg5 hxg5 {[%cal Bh6g5,Bg5g4][%mdl 32]} 44. Ra7 Kg6 45. Be8+ Kh6 {Black mates.} 46. Bd7 Bf3 47. a5 g4 48. Kg3 Kg5 49. Be8 Bc6+ {Precision: White = 20%, Black = 39%.} 0-1

[Event "RUS-chT Blitz Men 2018"]
[Site "Sochi"]
[Date "2018.10.10"]
[Round "2"]
[White "Tsvetkov, Andrey"]
[Black "Linker, Mikhail"]
[Result "1-0"]
[WhiteElo "2264"]
[BlackElo "2269"]
[Annotator "TA"]
[PlyCount "81"]
[EventDate "2018.10.10"]
[EventType "swiss"]
[EventCountry "RUS"]
[SourceTitle "playchess.com"]
[Source "ChessBase"]
[SourceQuality "1"]

{[%evp 17,81,23,25,-10,-1,-15,-15,-22,-22,-14,-7,-14,-20,-10,-7,-34,-28,-90,-86,-115,0,0,17,-18,0,0,13,12,25,0,57,-9,14,0,58,58,60,54,104,98,95,97,99,99,100,124,166,171,350,333,345,322,370,370,360,350,335,314,282,262,550,550,529,518,29974,29974]} 1. d4 Nf6 2. c4 g6 3. Nc3 {[%cal Bb1c3,Bc3a4,Ba4c5,Bc5b3,Bb3d2,Bd2c4][%mdl 32]} d5 4. cxd5 Nxd5 5. Na4 Bg7 6. e4 Nb6 7. Be3 O-O 8. Nf3 Nc6 9. Nc5 {D85: Exchange Grünfeld: Unusual White 7th moves and lines with 7 Nf3} Nd7 {LiveBook: 4 Games} 10. Nb3 a5 $146 {[%cal Ba7a5,Ba5a4][%mdl 32]} ({Predecessor:} 10... e5 11. d5 Ne7 12. Be2 Nf6 13. Nfd2 c6 14. dxc6 Nxc6 15. O-O Nd4 16. Nxd4 exd4 {0-1 (34) Ovetchkin,R (2543)-Turov,M (2556) playchess.com INT 2006}) 11. Be2 {The position is equal.} a4 12. Nbd2 Nb6 {[%cal Rc6d4]} 13. d5 Ne5 14. Nxe5 Bxe5 15. Bxb6 cxb6 {[%cal Bc7b6,Bb6b5][%mdl 32]} 16. Nc4 Bg7 {aiming for ...b5.} 17. Qd2 (17. Rb1 $11 {remains equal.}) 17... b5 $1 $17 {[%cal Rb5c4]} 18. Na3 f5 ({Better is} 18... Qa5 $17 {Threatens to win with ...Bxb2.} 19. Rd1 Qxd2+ 20. Rxd2 b4) 19. O-O $11 fxe4 20. Bxb5 Qd6 21. Rae1 e6 22. Rxe4 exd5 {[#]} 23. Bc4 $1 {[%mdl 512]} Rd8 {[#]} (23... Kh8 $11) (23... dxc4 24. Qxd6) 24. Rd1 (24. Bxd5+ $1 $14 {[%mdl 512]} Qxd5 {[#]} 25. Re8+ $1 {[%mdl 512]} Rxe8 26. Qxd5+ Be6 27. Qb5 (27. Qxb7 Bxa2 28. Nb5 Bb3 $11)) 24... Bf5 25. Ree1 {[%cal Rc4d5]} dxc4 (25... Kh8 $11) 26. Qxd6 $14 Rxd6 27. Rxd6 Bf8 28. Nxc4 {Rb6 is the strong threat.} Bxd6 29. Nxd6 $16 {[%mdl 4096] Endgame KRB-KRN} Rd8 30. Re8+ Rxe8 31. Nxe8 {KB-KN} Kf8 32. Nd6 Be6 $2 (32... Bc2 {might work better.} 33. Nxb7 Ke7) 33. Nxb7 $18 Bxa2 34. Nc5 Ke7 35. Nxa4 Kd6 36. Nc3 Bc4 37. f3 Kc5 38. Kf2 Kb4 $2 (38... Kd4 {was called for.} 39. Ne4 h6) 39. Ne4 h6 40. Ke3 Kb3 (40... Bf1 $18 41. g4 Bc4) 41. Nd2+ {Precision: White = 57%, Black = 30%.} 1-0